[Event "7th Chennai Open"]
[Site "Chennai"]
[Date "2015.01.03"]
[Round "7"]
[White "Sunilduth Lyna, Narayanan"]
[Black "Lokesh, P."]
[Result "1-0"]
[WhiteElo "2437"]
[BlackElo "2251"]
[PlyCount "81"]
[EventDate "2014.12.30"]
[EventType "swiss"]
[EventRounds "10"]
[EventCountry "IND"]

1. d4 Nf6 2. c4 e6 3. Nf3 Bb4+ 4. Nbd2 O-O 5. a3 Be7 6. e4 d5 7. e5 Nfd7 8. Bd3
c5 9. h4 h6 10. Bb1 Re8 11. Qc2 Nf8 12. dxc5 a5 13. Nf1 Na6 14. Bxh6 Nxc5 15.
Ng3 f5 16. Be3 dxc4 17. Qxc4 b6 18. Nxf5 Ba6 19. Nh6+ Kh8 20. Nf7+ Kg8 21. Qxa6
Kxf7 22. Qc4 b5 23. Qf4+ Kg8 24. Nd4 Na4 25. h5 Qd7 26. h6 g6 27. Ke2 Bd8 28.
h7+ Kh8 29. Be4 Rc8 30. Rac1 Nc5 31. Bc6 Rxc6 32. Nxc6 Nd3 33. Qf3 Nxc1+ 34.
Rxc1 Nxh7 35. Rd1 Qc7 36. Bh6 Kg8 37. Qe4 Kf7 38. Rd3 Ng5 39. Qf4+ Kg8 40. Nxd8
Qc2+ 41. Rd2 1-0

[Event "7th Chennai Open"]
[Site "Chennai"]
[Date "2015.01.03"]
[Round "7"]
[White "Matta, Vinay Kumar"]
[Black "Laxman, R.R."]
[Result "1/2-1/2"]
[WhiteElo "2184"]
[BlackElo "2408"]
[PlyCount "67"]
[EventDate "2014.12.30"]
[EventType "swiss"]
[EventRounds "10"]
[EventCountry "IND"]

1. e4 e5 2. Nf3 Nc6 3. Nc3 Nf6 4. d4 exd4 5. Nxd4 Bb4 6. Nxc6 bxc6 7. Bd3 d5 8.
exd5 Qe7+ 9. Qe2 Nxd5 10. Qxe7+ Kxe7 11. Bd2 Nxc3 12. Bxc3 Bxc3+ 13. bxc3 Be6
14. c4 Rhd8 15. O-O-O Rd4 16. Rhe1 Rad8 17. g3 Kf6 18. f3 c5 19. f4 R8d6 20.
Re5 Rc6 21. Be4 Rxd1+ 22. Kxd1 Rd6+ 23. Kc1 Rd4 24. Bd3 Bxc4 25. Rxc5 Bxd3 26.
cxd3 Rxd3 27. Rxc7 Rf3 28. Rxa7 Rf2 29. Kd1 Rxh2 30. Ke1 Rg2 31. Ra3 h5 32. Kf1
Rb2 33. Ra5 g6 34. Ke1 1/2-1/2

[Event "7th Chennai Open"]
[Site "Chennai"]
[Date "2015.01.04"]
[Round "8"]
[White "Popov, Ivan"]
[Black "Swapnil, S. Dhopade"]
[Result "1-0"]
[WhiteElo "2622"]
[BlackElo "2418"]
[PlyCount "113"]
[EventDate "2014.12.30"]
[EventType "swiss"]
[EventRounds "10"]
[EventCountry "IND"]

1. e4 c6 2. Nc3 d5 3. Nf3 Bg4 4. h3 Bh5 5. d4 e6 6. g4 Bg6 7. exd5 cxd5 8. h4
Nc6 9. h5 Be4 10. Nxe4 dxe4 11. Ne5 Qxd4 12. Nxc6 Qxd1+ 13. Kxd1 bxc6 14. Ke2
Bc5 15. Rh3 Ne7 16. Rc3 Bb6 17. Rc4 f5 18. gxf5 exf5 19. Bg5 Kf7 20. f3 exf3+
21. Kxf3 Rac8 22. Bd3 g6 23. Re1 Nd5 24. Rh4 Rce8 25. Rxe8 Rxe8 26. hxg6+ Kxg6
27. Bd2 Be3 28. Bxe3 Rxe3+ 29. Kf2 Re7 30. Rc4 Rc7 31. Rc5 Kf6 32. c4 Ne7 33.
b4 Rd7 34. Ke3 Ke6 35. Be2 Kd6 36. Ra5 Rb7 37. a3 Ke6 38. Bf3 Rc7 39. Rc5 Kd6
40. Kd4 Rd7 41. Re5 Rb7 42. c5+ Kd7 43. Kc4 Rb8 44. a4 a6 45. Re1 Ng6 46. Bh1
h5 47. Bxc6+ Kxc6 48. Re6+ Kc7 49. Rxg6 Rf8 50. Rg7+ Kb8 51. c6 f4 52. Kc5 f3
53. Kb6 f2 54. Rb7+ Kc8 55. Ra7 Kd8 56. c7+ Kd7 57. c8=Q+ 1-0

[Event "7th Chennai Open"]
[Site "Chennai"]
[Date "2015.01.04"]
[Round "8"]
[White "Mozharov, Mikhail"]
[Black "Cruz, Jonathan"]
[Result "1-0"]
[WhiteElo "2557"]
[BlackElo "2454"]
[PlyCount "117"]
[EventDate "2014.12.30"]
[EventType "swiss"]
[EventRounds "10"]
[EventCountry "IND"]

1. e4 e5 2. Nf3 Nc6 3. Bb5 a6 4. Ba4 Nf6 5. d3 b5 6. Bb3 Be7 7. O-O d6 8. a3
Be6 9. Bxe6 fxe6 10. c3 O-O 11. Re1 Qe8 12. a4 Rb8 13. axb5 axb5 14. Ra6 Nh5
15. d4 Kh8 16. Be3 exd4 17. cxd4 Nb4 18. Ra7 Nc6 19. Ra1 Qg6 20. Nbd2 e5 21.
dxe5 Nxe5 22. Nxe5 dxe5 23. Nf3 Bb4 24. Nh4 Qf7 25. Re2 Nf6 26. f3 g6 27. Rf2
Qe7 28. Qc2 c5 29. b3 Nh5 30. g3 Nf4 31. gxf4 exf4 32. Nxg6+ hxg6 33. Bd2 Qf6
34. Rc1 Bxd2 35. Rxd2 Rbc8 36. Rd5 c4 37. Qc3 Qxc3 38. Rxc3 cxb3 39. Rxb3 Rc2
40. Rdxb5 Rd8 41. Rb8 Rxb8 42. Rxb8+ Kg7 43. Rb5 Kf6 44. h4 Ke6 45. h5 gxh5 46.
Rxh5 Ra2 47. Rf5 Rb2 48. Rxf4 Ke5 49. Rg4 Kd4 50. Rg2 Rb3 51. Kf2 Rb2+ 52. Kg3
Rb8 53. Ra2 Ke3 54. Ra3+ Kd4 55. Ra4+ Ke3 56. e5 Rg8+ 57. Rg4 Re8 58. Re4+ Kd3
59. e6 1-0

[Event "7th Chennai Open"]
[Site "Chennai"]
[Date "2015.01.04"]
[Round "8"]
[White "Gasanov, Eldar"]
[Black "Cruz, Cristhian"]
[Result "1/2-1/2"]
[WhiteElo "2526"]
[BlackElo "2546"]
[PlyCount "186"]
[EventDate "2014.12.30"]
[EventType "swiss"]
[EventRounds "10"]
[EventCountry "IND"]

1. d4 e6 2. c4 Nf6 3. Nc3 c5 4. d5 d6 5. e4 g6 6. Bd3 Bg7 7. Nf3 O-O 8. O-O
exd5 9. exd5 Bg4 10. h3 Bxf3 11. Qxf3 Nbd7 12. Qd1 a6 13. Bd2 Ne8 14. f4 Nc7
15. a4 f5 16. a5 Rb8 17. Kh2 Nf6 18. Qf3 b5 19. axb6 Rxb6 20. Rab1 Qd7 21. Bc2
Rb4 22. b3 Rbb8 23. Rfe1 a5 24. Na4 Na6 25. Bxa5 Nb4 26. Bxb4 Rxb4 27. Re6 Ne8
28. Rbe1 Bf6 29. R6e2 Nc7 30. g4 fxg4 31. hxg4 Rbb8 32. Kg2 Rbe8 33. f5 Rxe2+
34. Rxe2 Qg7 35. Qg3 Re8 36. Rxe8+ Nxe8 37. g5 Be5 38. Qg4 gxf5 39. Qxf5 Bf6
40. Qxh7+ Qxh7 41. Bxh7+ Kxh7 42. gxf6 Kg6 43. Kf3 Nxf6 44. Nb6 Kf5 45. Ke3 Ke5
46. Kd3 Kf5 47. Nc8 Ke5 48. Ne7 Ne4 49. Ke3 Nf6 50. Nc6+ Kf5 51. Kd3 Kf4 52.
Nd8 Ne4 53. Nf7 Nf2+ 54. Kd2 Ne4+ 55. Ke2 Ng3+ 56. Kd2 Ne4+ 57. Kd3 Nf2+ 58.
Kc2 Ne4 59. b4 cxb4 60. Kb3 Kf5 61. Nd8 Kf6 62. Nc6 Kf7 63. Kxb4 Ke8 64. Kb5
Kd7 65. Kb6 Nd2 66. Na5 Ne4 67. Nb3 Nc3 68. Kb7 Ne4 69. Na5 Nc5+ 70. Kb8 Na4
71. Nb3 Nb2 72. Nd2 Na4 73. Nf1 Nc5 74. Ne3 Na6+ 75. Ka7 Nc5 76. Ng4 Kc7 77.
Nf6 Na4 78. Ne4 Nb2 79. Nd2 Na4 80. Nb3 Nb2 81. Na5 Na4 82. Ka6 Nc5+ 83. Kb5
Nd3 84. Nc6 Kb7 85. Ne7 Kc7 86. Nf5 Nc5 87. Nd4 Nd3 88. Ne6+ Kb7 89. c5 Nxc5
90. Nxc5+ dxc5 91. d6 c4 92. d7 Kc7 93. Kxc4 Kxd7 1/2-1/2

[Event "7th Chennai Open"]
[Site "Chennai"]
[Date "2015.01.04"]
[Round "8"]
[White "Ramnath, Bhuvanesh.R"]
[Black "Karthikeyan, Murali"]
[Result "1-0"]
[WhiteElo "2405"]
[BlackElo "2497"]
[PlyCount "43"]
[EventDate "2014.12.30"]
[EventType "swiss"]
[EventRounds "10"]
[EventCountry "IND"]

1. e4 g6 2. d4 Bg7 3. Nc3 d6 4. f4 Nf6 5. Nf3 O-O 6. Bd3 Nc6 7. e5 Nh5 8. Be3
Bh6 9. Qd2 Bg4 10. O-O Ng7 11. Ne2 e6 12. c3 f6 13. exd6 Qxd6 14. Ng3 Ne7 15.
Ne4 Qc6 16. Nxf6+ Rxf6 17. Ne5 Nd5 18. Nxc6 bxc6 19. h3 Bf5 20. Be2 Be4 21. g4
Rf7 22. c4 1-0

[Event "7th Chennai Open"]
[Site "Chennai"]
[Date "2015.01.04"]
[Round "8"]
[White "David, Alberto"]
[Black "Dzhumaev, Marat"]
[Result "0-1"]
[WhiteElo "2578"]
[BlackElo "2532"]
[PlyCount "80"]
[EventDate "2014.12.30"]
[EventType "swiss"]
[EventRounds "10"]
[EventCountry "IND"]

1. e4 d6 2. d4 Nf6 3. Nc3 g6 4. g3 Bg7 5. Bg2 O-O 6. Nge2 e5 7. h3 Nc6 8. Be3
exd4 9. Nxd4 Bd7 10. Qd2 a6 11. O-O-O Re8 12. Bh6 Bh8 13. Nxc6 Bxc6 14. Rhe1
Nd7 15. f4 Nb6 16. Bg5 Qd7 17. e5 Nc4 18. Qf2 Nb6 19. g4 Re6 20. Kb1 Rae8 21.
Be4 Rf8 22. Bf5 Bg7 23. Bxe6 fxe6 24. Qh4 Qf7 25. Be7 Qxf4 26. Bxf8 Qxf8 27.
Ne4 Bxe4 28. Rxe4 d5 29. Re2 Nc4 30. Qg3 b5 31. Qf2 Qb4 32. c3 Qe7 33. Qf4 b4
34. b3 Na3+ 35. Kb2 bxc3+ 36. Kxc3 Nb5+ 37. Kd3 g5 38. Qf2 Qb4 39. Rc1 Bf8 40.
Qf6 Qd4+ 0-1

[Event "7th Chennai Open"]
[Site "Chennai"]
[Date "2015.01.04"]
[Round "8"]
[White "Brunello, Sabino"]
[Black "Rajesh, V A V."]
[Result "1/2-1/2"]
[WhiteElo "2573"]
[BlackElo "2408"]
[PlyCount "92"]
[EventDate "2014.12.30"]
[EventType "swiss"]
[EventRounds "10"]
[EventCountry "IND"]

1. c4 Nf6 2. g3 g6 3. Bg2 Bg7 4. Nc3 O-O 5. d4 c6 6. e4 d6 7. h3 e5 8. Nf3 exd4
9. Nxd4 Re8 10. O-O Na6 11. Re1 Nc5 12. Bf4 Nh5 13. Be3 a5 14. Qc2 Qe7 15. Rad1
Bf8 16. Qd2 a4 17. b4 axb3 18. axb3 Be6 19. Qc2 Ra3 20. g4 Ng7 21. f4 Rea8 22.
Bc1 R3a6 23. b4 Na4 24. Nd5 Qd8 25. b5 cxb5 26. cxb5 R6a7 27. Nb3 Bxd5 28. Rxd5
Nb6 29. Rdd1 Ra2 30. Qd3 Qh4 31. Re2 Rxe2 32. Qxe2 Qe7 33. Be3 Ra3 34. Qc2 Qe6
35. Rd3 Qc4 36. Qxc4 Nxc4 37. Bc1 Ra4 38. e5 dxe5 39. Bxb7 Rb4 40. Bc6 exf4 41.
Bxf4 Ne6 42. Bg3 Nb2 43. Re3 Nd1 44. Rd3 Nb2 45. Re3 Nd1 46. Rd3 Nb2 1/2-1/2

[Event "7th Chennai Open"]
[Site "Chennai"]
[Date "2015.01.04"]
[Round "8"]
[White "Evdokimov, Alexander A"]
[Black "Ravichandran, Siddharth"]
[Result "0-1"]
[WhiteElo "2538"]
[BlackElo "2381"]
[PlyCount "82"]
[EventDate "2014.12.30"]
[EventType "swiss"]
[EventRounds "10"]
[EventCountry "IND"]

1. Nf3 Nf6 2. c4 g6 3. Nc3 Bg7 4. d4 d6 5. Bf4 Nh5 6. Bg5 h6 7. Bc1 c6 8. h3 a6
9. e4 Qc7 10. Be3 Nd7 11. Qd2 b5 12. Rc1 b4 13. Na4 c5 14. d5 g5 15. Be2 Nhf6
16. Qc2 Nh7 17. h4 g4 18. Nd2 h5 19. Nf1 Nhf8 20. f4 gxf3 21. gxf3 Ng6 22. f4
Nf6 23. Ng3 Ng4 24. Bxg4 Bxg4 25. Kd2 Bf6 26. e5 dxe5 27. Ne4 Bg7 28. Bxc5 exf4
29. Nb6 O-O 30. Nxa8 Rxa8 31. Bf2 Ne5 32. Ng5 Rd8 33. Qh7+ Kf8 34. Bd4 f6 35.
Rhe1 Nxc4+ 36. Kd3 Ne5+ 37. Bxe5 Rxd5+ 38. Bd4 Qd7 39. Re4 Bf5 40. Qxh5 Rxd4+
41. Ke2 Rxe4+ 0-1

[Event "7th Chennai Open"]
[Site "Chennai"]
[Date "2015.01.04"]
[Round "8"]
[White "Sharma, Dinesh K"]
[Black "Nguyen, Duc Hoa"]
[Result "1/2-1/2"]
[WhiteElo "2380"]
[BlackElo "2507"]
[PlyCount "126"]
[EventDate "2014.12.30"]
[EventType "swiss"]
[EventRounds "10"]
[EventCountry "IND"]

1. e4 e5 2. Nf3 Nf6 3. Nxe5 d6 4. Nf3 Nxe4 5. Qe2 Qe7 6. d3 Nf6 7. Bg5 Qxe2+ 8.
Bxe2 Be7 9. Nc3 h6 10. Bd2 Bf5 11. h3 Nc6 12. O-O-O O-O-O 13. a3 d5 14. d4 Ne4
15. Be1 Bf6 16. Bb5 Rhe8 17. Ba4 a6 18. Bb3 Nxc3 19. Bxc3 Re2 20. Rhf1 b5 21.
Ng1 Re4 22. Nf3 a5 23. Rfe1 b4 24. axb4 axb4 25. Bd2 Nxd4 26. Nxd4 Rxd4 27. Be3
Rxd1+ 28. Rxd1 c6 29. Bc5 Bg5+ 30. Kb1 Kd7 31. Ba4 Kc7 32. Rd4 Re8 33. Rxb4 Be7
34. Bxe7 Rxe7 35. Kc1 Re1+ 36. Kd2 Rg1 37. Rf4 Be6 38. g3 Kd6 39. h4 c5 40. b4
g5 41. hxg5 hxg5 42. bxc5+ Kxc5 43. Rf6 Ra1 44. Bb3 Kd6 45. c3 Ra3 46. Bc2 Ra2
47. Kc1 Ke5 48. Rf3 Ra1+ 49. Kd2 f5 50. Re3+ Kf6 51. Re1 Ra2 52. Kc1 f4 53.
gxf4 gxf4 54. Kb1 Ra7 55. Rh1 Bf5 56. Bxf5 Kxf5 57. f3 Rg7 58. Kc2 Rg3 59. Rf1
Rg2+ 60. Kd3 Kg5 61. Kd4 Rc2 62. Kd3 Ra2 63. Kd4 Rc2 {Ke4} 1/2-1/2

[Event "7th Chennai Open"]
[Site "Chennai"]
[Date "2015.01.04"]
[Round "8"]
[White "Neverov, Valeriy"]
[Black "Stany, G.A."]
[Result "1/2-1/2"]
[WhiteElo "2501"]
[BlackElo "2404"]
[PlyCount "145"]
[EventDate "2014.12.30"]
[EventType "swiss"]
[EventRounds "10"]
[EventCountry "IND"]

1. d4 Nf6 2. c4 g6 3. Nc3 d5 4. Nf3 Bg7 5. Qb3 dxc4 6. Qxc4 O-O 7. e4 Nc6 8.
Be2 Bg4 9. Be3 Bxf3 10. gxf3 e5 11. dxe5 Nxe5 12. Qb3 Nh5 13. h4 Nd3+ 14. Bxd3
Qxd3 15. Nd5 Qxb3 16. axb3 c6 17. Nc3 Be5 18. O-O-O Rfd8 19. Ne2 Bc7 20. Bg5 f6
21. Be3 Kf7 22. Kc2 a5 23. Nc1 Nf4 24. Rdg1 a4 25. Rd1 axb3+ 26. Nxb3 Be5 27.
Nc5 Ng2 28. Nd7 Nxe3+ 29. fxe3 Bc7 30. Nc5 b6 31. Nd3 Bd6 32. h5 g5 33. Nf2 Ke6
34. Ng4 Ra5 35. Nh6 Rc5+ 36. Kb1 Bc7 37. Rxd8 Bxd8 38. Nf5 Rc4 39. Rd1 Bc7 40.
Rd3 c5 41. Ng7+ Ke7 42. Nf5+ Ke6 43. Nh6 Rb4 44. Kc2 c4 45. Ra3 Be5 46. Ra2 Rb3
47. Nf5 Kd7 48. Ra7+ Kd8 49. Nd4 Rxe3 50. Nc6+ Ke8 51. Nxe5 fxe5 52. Rxh7 Kf8
53. Rh6 Rxf3 54. Rxb6 Rh3 55. Re6 Rxh5 56. Rxe5 Kf7 57. Kc3 Kg6 58. Re6+ Kf7
59. Re5 Kg6 60. Re6+ Kf7 61. Rd6 Rh2 62. Rd5 Kf6 63. Rb5 Re2 64. Kd4 g4 65.
Rf5+ Kg6 66. Rf8 Rxb2 67. Kxc4 Kg5 68. e5 Re2 69. Kd5 g3 70. Rg8+ Kh4 71. e6
Kh3 72. Rh8+ Kg4 73. Rg8+ 1/2-1/2

[Event "7th Chennai Open"]
[Site "Chennai"]
[Date "2015.01.04"]
[Round "8"]
[White "Deepan, Chakkravarthy J"]
[Black "Navin, Kanna T.U"]
[Result "1-0"]
[WhiteElo "2489"]
[BlackElo "2374"]
[PlyCount "65"]
[EventDate "2014.12.30"]
[EventType "swiss"]
[EventRounds "10"]
[EventCountry "IND"]

1. e4 d5 2. exd5 Qxd5 3. Nc3 Qd6 4. d4 Nf6 5. Nb5 Qb6 6. c4 c6 7. Nc3 Bg4 8.
Be2 Bxe2 9. Ngxe2 e6 10. O-O Be7 11. d5 exd5 12. cxd5 O-O 13. Be3 Qc7 14. Rc1
Qd7 15. Qb3 Bd6 16. Rfd1 Qe7 17. h3 Rd8 18. Bg5 Be5 19. Bxf6 Bxf6 20. d6 Qd7
21. Ne4 Be5 22. f4 Bf6 23. Nxf6+ gxf6 24. Rc5 Qe6 25. Qg3+ Kh8 26. Nd4 Qe4 27.
Nf5 Rg8 28. Re1 Rxg3 29. Rxe4 Nd7 30. Rxc6 Rxg2+ 31. Kxg2 bxc6 32. Re7 Nf8 33.
d7 1-0

[Event "7th Chennai Open"]
[Site "Chennai"]
[Date "2015.01.04"]
[Round "8"]
[White "Nguyen, Van Huy"]
[Black "Visakh, Nr"]
[Result "1/2-1/2"]
[WhiteElo "2445"]
[BlackElo "2346"]
[PlyCount "83"]
[EventDate "2014.12.30"]
[EventType "swiss"]
[EventRounds "10"]
[EventCountry "IND"]

1. d4 Nf6 2. Nf3 e6 3. c4 d5 4. g3 Be7 5. Bg2 O-O 6. O-O dxc4 7. Qc2 a6 8. a4
Bd7 9. Qxc4 Bc6 10. Bf4 a5 11. Nc3 Na6 12. Rac1 Nb4 13. Rfe1 Bxf3 14. Bxf3 c6
15. e4 Nd7 16. Red1 Bg5 17. Bxg5 Qxg5 18. e5 Qe7 19. Ne4 Nb6 20. Qb3 Rfd8 21.
Kg2 N4d5 22. Nc5 Rab8 23. Qc2 Nb4 24. Qe2 N6d5 25. Ne4 Rd7 26. h4 h6 27. b3
Rbd8 28. Nc5 Rc7 29. Bh5 Qf8 30. Kh2 Ne7 31. Bg4 b6 32. Ne4 Rcd7 33. Qc4 b5 34.
axb5 cxb5 35. Qxb5 Rxd4 36. Rxd4 Rxd4 37. Bf3 Rd5 38. Rc5 Rxc5 39. Qxc5 Nec6
40. Qc3 Qb8 41. Nd6 Qb6 42. Bxc6 1/2-1/2

[Event "7th Chennai Open"]
[Site "Chennai"]
[Date "2015.01.04"]
[Round "8"]
[White "Karthikeyan, P."]
[Black "Das, Sayantan"]
[Result "1/2-1/2"]
[WhiteElo "2400"]
[BlackElo "2444"]
[PlyCount "106"]
[EventDate "2014.12.30"]
[EventType "swiss"]
[EventRounds "10"]
[EventCountry "IND"]

1. e4 c5 2. Nf3 e6 3. d4 cxd4 4. Nxd4 Nc6 5. Nc3 Qc7 6. Be3 a6 7. f4 Nxd4 8.
Qxd4 b5 9. O-O-O Bb7 10. Be2 Rc8 11. Rd2 Nf6 12. Bf3 Be7 13. a3 O-O 14. e5 Bxf3
15. gxf3 Nh5 16. Ne4 Qa5 17. Kb1 Rfd8 18. Rhd1 Qc7 19. Qb6 Qc6 20. Qxc6 dxc6
21. Rd7 Kf8 22. Kc1 a5 23. Ra7 Rxd1+ 24. Kxd1 a4 25. Ke2 Ke8 26. Rb7 h6 27. Bd2
Bf8 28. Ke3 Be7 29. Bb4 c5 30. Bd2 b4 31. Ra7 bxa3 32. bxa3 Rd8 33. Rxa4 f5 34.
Ng3 Nxf4 35. Rxf4 Bg5 36. Ne2 Ra8 37. Bc1 Kd7 38. h4 Bxf4+ 39. Nxf4 g5 40. hxg5
hxg5 41. Nd3 Kc6 42. Kf2 Rg8 43. c4 Rd8 44. Ke2 Rd4 45. Bxg5 Rxc4 46. Be7 Rc2+
47. Ke3 Kd5 48. Bxc5 f4+ 49. Nxf4+ Kxc5 50. Nxe6+ Kd5 51. Nf4+ Kxe5 52. Nd3+
Kf5 53. a4 Rc4 {Ke4+ Ke5+} 1/2-1/2

[Event "7th Chennai Open"]
[Site "Chennai"]
[Date "2015.01.04"]
[Round "8"]
[White "Phoobalan, P."]
[Black "Sunilduth Lyna, Narayanan"]
[Result "1/2-1/2"]
[WhiteElo "2291"]
[BlackElo "2437"]
[PlyCount "103"]
[EventDate "2014.12.30"]
[EventType "swiss"]
[EventRounds "10"]
[EventCountry "IND"]

1. d4 Nf6 2. c4 e6 3. Nf3 d5 4. g3 Bb4+ 5. Bd2 Bd6 6. Bg2 c6 7. Qc2 Nbd7 8. O-O
O-O 9. Bg5 h6 10. Bxf6 Nxf6 11. Nbd2 b6 12. e4 Be7 13. cxd5 cxd5 14. e5 Nd7 15.
Rac1 a5 16. Qc7 Ba6 17. Rfe1 a4 18. Bf1 a3 19. b3 Nb8 20. Nb1 Bxf1 21. Kxf1 Na6
22. Qxd8 Rfxd8 23. Re2 Kf8 24. Ne1 Nb4 25. Rd2 Ke8 26. Nd3 Rdc8 27. Rxc8+ Rxc8
28. Ne1 Rc1 29. Nxa3 Ra1 30. Nac2 Rxa2 31. Ke2 Nc6 32. Kd3 Rb2 33. Kc3 Rb1 34.
Nd3 Na5 35. Nb2 Rh1 36. h4 Kd7 37. b4 Nc6 38. Rd1 Rh2 39. Nd3 g5 40. hxg5 hxg5
41. Ra1 Rh8 42. Ra6 Kc7 43. Ra1 Kb7 44. Kb3 Bf8 45. Rf1 Be7 46. Re1 Rh3 47. Kc3
Ka6 48. Ra1+ Kb7 49. Re1 Rh8 50. Kb3 Rh3 51. Kc3 Rh8 52. Kb3 1/2-1/2

[Event "7th Chennai Open"]
[Site "Chennai"]
[Date "2015.01.04"]
[Round "8"]
[White "K., Praneeth Surya"]
[Black "Prasanna, Raghuram Rao"]
[Result "1/2-1/2"]
[WhiteElo "2212"]
[BlackElo "2436"]
[PlyCount "60"]
[EventDate "2014.12.30"]
[EventType "swiss"]
[EventRounds "10"]
[EventCountry "IND"]

1. e4 e5 2. Nf3 Nc6 3. Bb5 a6 4. Ba4 Nf6 5. O-O b5 6. Bb3 Bc5 7. a4 Rb8 8. c3
d6 9. d4 Bb6 10. a5 Ba7 11. Be3 O-O 12. dxe5 Bxe3 13. exf6 Bh6 14. fxg7 Bxg7
15. Nbd2 Be6 16. Qc2 Qf6 17. Rfe1 Rbe8 18. Nf1 Bg4 19. N3d2 Ne5 20. Ne3 h5 21.
Ndf1 c6 22. Ng3 Bh6 23. Ngf5 Bf4 24. h3 Nf3+ 25. gxf3 Bxf3 26. Ng3 h4 27. Nef5
Qg5 28. Qd3 Bh5 29. Bd1 hxg3 30. fxg3 Be5 1/2-1/2

[Event "7th Chennai Open"]
[Site "Chennai"]
[Date "2015.01.04"]
[Round "8"]
[White "Ravi, Teja S"]
[Black "Baryshpolets, Andrey"]
[Result "0-1"]
[WhiteElo "2306"]
[BlackElo "2566"]
[PlyCount "107"]
[EventDate "2014.12.30"]
[EventType "swiss"]
[EventRounds "10"]
[EventCountry "IND"]

1. d4 Nf6 2. c4 g6 3. g3 Bg7 4. Bg2 c5 5. Nf3 Qa5+ 6. Bd2 Qb6 7. dxc5 Qxc5 8.
Qb3 Nc6 9. Nc3 O-O 10. Be3 Qa5 11. O-O d6 12. Nd5 Rb8 13. Nd4 Nxd5 14. Nxc6
bxc6 15. Qxb8 Nxe3 16. fxe3 Bh6 17. Qb3 Qc5 18. Kf2 Be6 19. Qc3 Bg7 20. Qc2 d5
21. Qa4 dxc4 22. Rab1 Rb8 23. Qa3 Rb4 24. Bxc6 Bf5 25. Rbd1 Bxb2 26. Rd5 Qb6
27. Qa5 c3 28. Rd8+ Kg7 29. Qe5+ Kh6 30. Qxe7 c2 31. Bf3 Rc4 32. h4 Rc7 33.
Qf8+ Bg7 34. Qa3 Qc5 35. Qc1 Bf6 36. Rg8 Rc8 37. Rxc8 Bxc8 38. Be4 Bf5 39. Bxf5
gxf5 40. Kg2 Kg7 41. e4 Qc6 42. Rf4 h6 43. e3 Be5 44. Rf2 Qxe4+ 45. Kh2 Qxh4+
46. Kg1 Bxg3 47. Rg2 Qg5 48. Rxc2 h5 49. Kf1 Qg4 50. Qd2 Qf3+ 51. Kg1 h4 52.
Rc8 Kh7 53. Qc2 h3 54. Qb2 0-1

[Event "7th Chennai Open"]
[Site "Chennai"]
[Date "2015.01.04"]
[Round "8"]
[White "Rombaldoni, Axel"]
[Black "Gahan, M.G."]
[Result "1/2-1/2"]
[WhiteElo "2505"]
[BlackElo "2295"]
[PlyCount "77"]
[EventDate "2014.12.30"]
[EventType "swiss"]
[EventRounds "10"]
[EventCountry "IND"]

1. Nf3 Nf6 2. b3 g6 3. Bb2 Bg7 4. e3 O-O 5. c4 c5 6. Be2 b6 7. O-O Bb7 8. d4
cxd4 9. exd4 d5 10. Re1 Nc6 11. Na3 Rc8 12. h3 Qc7 13. Qc1 Rfd8 14. Qe3 Qb8 15.
Bf1 e6 16. Ne5 Nxe5 17. dxe5 Ne4 18. cxd5 Bxd5 19. Ba6 Rc7 20. Bd3 Nc5 21. Bf1
Rcd7 22. Rad1 Bc6 23. Rxd7 Rxd7 24. Rc1 Bb7 25. Nc4 Qd8 26. Ba3 Rd5 27. f4 Bf8
28. Nd6 Bxd6 29. exd6 Rxd6 30. Qc3 f6 31. Bxc5 bxc5 32. Qxc5 Rc6 33. Qe3 Rxc1
34. Qxc1 Qd4+ 35. Kh2 Qf2 36. a3 a5 37. b4 a4 38. Qc7 Bd5 39. Qd8+ 1/2-1/2

[Event "7th Chennai Open"]
[Site "Chennai"]
[Date "2015.01.04"]
[Round "8"]
[White "Mehar, Chinna Reddy C.H"]
[Black "Shyam, Nikil P"]
[Result "1-0"]
[WhiteElo "2281"]
[BlackElo "2454"]
[PlyCount "83"]
[EventDate "2014.12.30"]
[EventType "swiss"]
[EventRounds "10"]
[EventCountry "IND"]

1. e4 c5 2. Nf3 e6 3. d4 cxd4 4. Nxd4 a6 5. Nc3 Qc7 6. Bd3 Nc6 7. Nxc6 dxc6 8.
O-O e5 9. f4 Nf6 10. Kh1 Bd6 11. f5 b5 12. a4 b4 13. Nb1 a5 14. Nd2 Bc5 15. Qe2
h5 16. Nb3 Bb6 17. Bg5 Ng4 18. h3 Qa7 19. Bh4 Bd8 20. Bxd8 Kxd8 21. Qd2 Ke7 22.
Qg5+ Nf6 23. Qxg7 Rg8 24. Qh6 Bb7 25. Rae1 Rg3 26. Re2 Rag8 27. Nd2 Ba6 28. Nf3
Bxd3 29. cxd3 Qc7 30. d4 Nd7 31. dxe5 Nxe5 32. Nxe5 Qxe5 33. Qxc6 Rd8 34. Qh6
Rdd3 35. Qxh5 Kf8 36. Qh4 b3 37. Qh6+ Kg8 38. Rc1 Rd8 39. Qh4 Rgd3 40. Ree1 f6
41. Rc6 Rd1 42. Qg4+ 1-0

[Event "7th Chennai Open"]
[Site "Chennai"]
[Date "2015.01.04"]
[Round "8"]
[White "Laxman, R.R."]
[Black "Deshmukh, Anup"]
[Result "1-0"]
[WhiteElo "2408"]
[BlackElo "2250"]
[PlyCount "117"]
[EventDate "2014.12.30"]
[EventType "swiss"]
[EventRounds "10"]
[EventCountry "IND"]

1. d4 Nf6 2. c4 c5 3. d5 e6 4. Nc3 exd5 5. cxd5 d6 6. Nf3 g6 7. e4 a6 8. a4 Bg7
9. h3 O-O 10. Bd3 b6 11. O-O Ra7 12. Bf4 Re8 13. Rc1 Rae7 14. Nd2 Nh5 15. Bh2
Bh6 16. f4 Rb7 17. g4 b5 18. gxh5 c4 19. Be2 Bxh3 20. Rf3 Bc8 21. axb5 axb5 22.
Kh1 b4 23. Ncb1 Bg4 24. Rf1 Bxe2 25. Qxe2 Nd7 26. hxg6 hxg6 27. Nxc4 Nf6 28.
Nbd2 Rbe7 29. Qg2 Nxe4 30. Rce1 Nxd2 31. Qxd2 Bxf4 32. Qf2 Bxh2 33. Kxh2 f5 34.
Rxe7 Qxe7 35. Qg3 Qe2+ 36. Rf2 Qh5+ 37. Qh3 Qg5 38. Nxd6 Re7 39. Rc2 Kg7 40.
Rf2 Kg8 41. Rc2 Kg7 42. Nb5 Qf4+ 43. Qg3 Qe4 44. Qf2 Qxd5 45. Qd4+ Qxd4 46.
Nxd4 Re4 47. Rd2 Kf6 48. Kg3 g5 49. Kf2 g4 50. Nb3 Rc4 51. Kg3 Kg5 52. Rd5 Rc2
53. Rxf5+ Kxf5 54. Nd4+ Ke4 55. Nxc2 b3 56. Na3 Kd3 57. Kxg4 Kd2 58. Kf4 Kc1
59. Nc4 1-0

[Event "7th Chennai Open"]
[Site "Chennai"]
[Date "2015.01.04"]
[Round "8"]
[White "Pradeep, Kumar R.A"]
[Black "Rathnakaran, K."]
[Result "0-1"]
[WhiteElo "2291"]
[BlackElo "2387"]
[PlyCount "72"]
[EventDate "2014.12.30"]
[EventType "swiss"]
[EventRounds "10"]
[EventCountry "IND"]

1. Nf3 Nf6 2. c4 c5 3. d4 cxd4 4. Nxd4 e5 5. Nb5 d5 6. cxd5 Bc5 7. e3 O-O 8.
N5c3 e4 9. Be2 Re8 10. a3 Nbd7 11. Nd2 Nb6 12. Qc2 Bf5 13. b4 Bd6 14. Bb2 Rc8
15. Qb3 Nfxd5 16. Nxd5 Be6 17. Nf6+ gxf6 18. Qd1 Be5 19. Bxe5 fxe5 20. Nxe4 Qh4
21. Bd3 Red8 22. g3 Qh3 23. Ng5 Qh6 24. Nxe6 Qxe6 25. Qb1 e4 26. Be2 Nc4 27.
Qb3 Qf6 28. Ra2 Nb2 29. O-O Rd2 30. Bh5 Rcc2 31. Raa1 Kg7 32. b5 Nd3 33. Rad1
Nxf2 34. Bg4 Rxd1 35. Rxd1 Nh3+ 36. Kh1 Qf2 0-1

[Event "7th Chennai Open"]
[Site "Chennai"]
[Date "2015.01.04"]
[Round "8"]
[White "Hemant, Sharma (del)"]
[Black "Krishna, C.R.G."]
[Result "1/2-1/2"]
[WhiteElo "2234"]
[BlackElo "2365"]
[PlyCount "141"]
[EventDate "2014.12.30"]
[EventType "swiss"]
[EventRounds "10"]
[EventCountry "IND"]

1. e4 e6 2. d4 d5 3. exd5 exd5 4. Bd3 c5 5. c3 Nc6 6. Nf3 c4 7. Bc2 Bg4 8. Qe2+
Be7 9. h3 Bh5 10. Nbd2 Nf6 11. Nf1 O-O 12. Ng3 Bg6 13. O-O Re8 14. Bg5 Qb6 15.
Bxg6 hxg6 16. Qc2 Bd6 17. Bxf6 gxf6 18. Rfe1 Bf4 19. Nf1 Qc7 20. N1d2 Ne7 21.
Nh4 Bg5 22. Ndf3 Bh6 23. Kf1 Kg7 24. Re2 Qd7 25. Rae1 Rad8 26. Nd2 Nc8 27. b3
b5 28. Nhf3 Nd6 29. b4 Rxe2 30. Rxe2 Re8 31. Qd1 Rxe2 32. Kxe2 Qe6+ 33. Kf1 Qf5
34. Qb1 Qxb1+ 35. Nxb1 Ne4 36. Ke1 a6 37. Ng1 f5 38. Ne2 Kf6 39. f3 Nd6 40. g3
f4 41. g4 Kg5 42. Kf2 Kh4 43. Ng1 Nc8 44. Na3 Nb6 45. Nc2 Na4 46. Ne1 Kg5 47.
Ne2 Kf6 48. h4 g5 49. hxg5+ Bxg5 50. Ng2 Nb2 51. Ke1 Nd3+ 52. Kd2 Kg6 53. Nc1
Nf2 54. Ne2 Nd3 55. Nc1 Nf2 56. Ne2 Nxg4 57. fxg4 f3+ 58. Ngf4+ Kf6 59. Ke1
Bh4+ 60. Kf1 fxe2+ 61. Kxe2 Kg5 62. Kf3 Be1 63. Nxd5 Bd2 64. Ke2 Bf4 65. Kf3
Bd2 66. Ke2 Bf4 67. Nxf4 Kxf4 68. Kf2 Kxg4 69. Kg2 Kf4 70. Kh3 Ke4 71. Kg3
1/2-1/2